[Event "26. ekipno prvenstvo hrvatske u sahu - I"]
[Site "Bjelovar, Krapina, Djurdjevac,"]
[Date "2017.04.02"]
[Round "3.33"]
[White "Sulc, Damir"]
[Black "Orak, Ljubomir"]
[Result "1/2-1/2"]
[WhiteElo "2226"]
[BlackElo "2273"]
[PlyCount "52"]
[EventDate "2016.03.26"]

1. e4 e5 2. Nf3 Nc6 3. Bb5 a6 4. Ba4 Nf6 5. O-O Be7 6. Re1 b5 7. Bb3 d6 8. c3
O-O 9. h3 Na5 10. Bc2 c5 11. d4 Qc7 12. Nbd2 Rd8 13. d5 Bd7 14. Nf1 Nc4 15.
N3h2 a5 16. Ne3 Nxe3 17. Bxe3 b4 18. f4 bxc3 19. bxc3 Rab8 20. Nf3 g6 21. Qd2
Nh5 22. fxe5 dxe5 23. Rab1 Bd6 24. g4 Ng7 25. Bg5 Rxb1 26. Rxb1 Rb8 1/2-1/2

[Event "26. ekipno prvenstvo hrvatske u sahu - I"]
[Site "Bjelovar, Krapina, Djurdjevac,"]
[Date "2017.04.02"]
[Round "3.34"]
[White "Segovic, Goran"]
[Black "Santa, Robert"]
[Result "1/2-1/2"]
[WhiteElo "2255"]
[BlackElo "2188"]
[PlyCount "42"]
[EventDate "2016.03.26"]

1. e4 c5 2. Nf3 d6 3. Bb5+ Bd7 4. Bxd7+ Qxd7 5. O-O e5 6. c3 Nf6 7. d4 Nc6 8.
Re1 Be7 9. Na3 O-O 10. Bg5 cxd4 11. cxd4 Rad8 12. d5 Nb8 13. Qd3 Rc8 14. Nc4
Na6 15. Bxf6 Bxf6 16. Rac1 Rc7 17. Qa3 Rfc8 18. b3 Be7 19. Ne3 g6 20. Rxc7 Qxc7
21. g4 Qc3 1/2-1/2

[Event "26. ekipno prvenstvo hrvatske u sahu - I"]
[Site "Bjelovar, Krapina, Djurdjevac,"]
[Date "2017.04.02"]
[Round "3.35"]
[White "Martic, Josip"]
[Black "Novak, Ratko"]
[Result "0-1"]
[WhiteElo "2020"]
[BlackElo "2180"]
[PlyCount "50"]
[EventDate "2016.03.26"]

1. d4 d5 2. c4 c5 3. cxd5 Qxd5 4. Nf3 cxd4 5. Nc3 Qa5 6. Nxd4 e5 7. Ndb5 a6 8.
Nd6+ Bxd6 9. Qxd6 Nc6 10. Bd2 Qb4 11. Qxb4 Nxb4 12. Rc1 Be6 13. a3 Nc6 14. e3
Nge7 15. Ne4 b6 16. Nd6+ Kd7 17. Ne4 h6 18. f3 f5 19. Nc3 b5 20. Be2 Rhd8 21.
Kf2 Ke8 22. Rhd1 Bb3 23. Nxb5 axb5 24. Bxb5 Bxd1 25. Bb4 Ba4 0-1

[Event "26. ekipno prvenstvo hrvatske u sahu - I"]
[Site "Bjelovar, Krapina, Djurdjevac,"]
[Date "2017.04.02"]
[Round "3.36"]
[White "Lovrencic, Vladimir"]
[Black "Blaga, Marijan"]
[Result "1-0"]
[WhiteElo "2137"]
[BlackElo "2015"]
[PlyCount "114"]
[EventDate "2016.03.26"]

1. c4 e5 2. Nc3 b6 3. Nf3 Nc6 4. g3 Bb7 5. Bg2 Nd4 6. e3 Nxf3+ 7. Bxf3 Bxf3 8.
Qxf3 Nf6 9. O-O Be7 10. d4 exd4 11. exd4 O-O 12. Bf4 a6 13. Rfe1 Bb4 14. Rac1
d6 15. Bg5 h6 16. Bxf6 Qxf6 17. Qxf6 gxf6 18. a3 Bxc3 19. Rxc3 c5 20. Rf3 Kg7
21. Re4 f5 22. Rxf5 Kg6 23. Rf3 h5 24. d5 b5 25. b3 Rab8 26. g4 h4 27. Kg2 bxc4
28. bxc4 a5 29. Kh3 a4 30. Kxh4 Rb3 31. Kg3 Rh8 32. Ref4 Rxf3+ 33. Rxf3 Rb8 34.
Kf4 Rb2 35. h4 Rb4 36. h5+ Kg7 37. Kg5 Rxc4 38. h6+ Kg8 39. Rf6 Rd4 40. Rxd6 c4
41. f4 c3 42. Rd8+ Kh7 43. Rc8 Rxd5+ 44. f5 Rd3 45. Kf6 c2 46. g5 Rd6+ 47. Kxf7
Rd3 48. Rxc2 Rd7+ 49. Ke6 Rb7 50. Rd2 Rb6+ 51. Rd6 Rb3 52. Kf6 Rb8 53. Rd7+ Kh8
54. Ra7 Rb6+ 55. Kf7 Rb5 56. Kg6 Rb6+ 57. f6 Rb8 1-0

[Event "26. ekipno prvenstvo hrvatske u sahu - I"]
[Site "Bjelovar, Krapina, Djurdjevac,"]
[Date "2017.04.02"]
[Round "3.41"]
[White "Pandurevic, Miro"]
[Black "Kristovic, Marijan"]
[Result "1-0"]
[WhiteElo "2263"]
[BlackElo "2300"]
[PlyCount "159"]
[EventDate "2016.03.26"]

1. e4 e6 2. d4 d5 3. Nc3 dxe4 4. Nxe4 Bd7 5. Nf3 Bc6 6. Bd3 Nd7 7. O-O Ngf6 8.
Re1 Nxe4 9. Bxe4 Bxe4 10. Rxe4 Nf6 11. Bg5 Be7 12. Re2 O-O 13. c4 c6 14. h3 Re8
15. Qc2 Qc7 16. Rae1 Rad8 17. a3 h6 18. Bh4 Nh5 19. Bxe7 Rxe7 20. Re5 Nf6 21.
Qa4 Nd7 22. R5e3 Nb6 23. Qb4 Red7 24. b3 Nc8 25. Re5 Ne7 26. Qc3 Nf5 27. R5e4
c5 28. dxc5 Qxc5 29. b4 Qc7 30. Ne5 Rd1 31. Qf3 Rxe1+ 32. Rxe1 Nd4 33. Qe4 Nc6
34. Nf3 Ne7 35. Rc1 Qc6 36. Qe3 a6 37. Ne5 Qc7 38. c5 Nf5 39. Qe1 Rd5 40. Nc4
Rd4 41. Qe5 Qxe5 42. Nxe5 f6 43. Nc4 e5 44. Na5 Rd7 45. c6 bxc6 46. Rxc6 Ra7
47. Rc8+ Kh7 48. Nc6 Rd7 49. Ra8 Rd1+ 50. Kh2 Rd2 51. Rxa6 Rxf2 52. b5 e4 53.
Nb4 e3 54. Re6 Nd4 55. Rxe3 Nxb5 56. a4 Nd6 57. Rd3 Nc4 58. Rc3 Rf4 59. Nc6 Ne5
60. Nxe5 fxe5 61. Ra3 Rf8 62. a5 Kg6 63. a6 Ra8 64. a7 Kf5 65. Ra4 Ke6 66. Kg3
Kd5 67. Kf3 h5 68. h4 g6 69. Ke3 Kc6 70. Ke4 Kb7 71. Ra2 Kc6 72. Kxe5 Kb7 73.
Kf6 Rf8+ 74. Kxg6 Rg8+ 75. Kf7 Ra8 76. Re2 Rh8 77. Re7+ Kb6 78. Kg6 Ka6 79. Rh7
Rg8+ 80. Kxh5 1-0

[Event "26. ekipno prvenstvo hrvatske u sahu - I"]
[Site "Bjelovar, Krapina, Djurdjevac,"]
[Date "2017.04.02"]
[Round "3.42"]
[White "Marangunic, Srdjan"]
[Black "Lasic, Luka"]
[Result "1-0"]
[WhiteElo "2346"]
[BlackElo "2151"]
[PlyCount "77"]
[EventDate "2016.03.26"]

1. Nf3 d5 2. d4 Nf6 3. e3 e6 4. c4 Be7 5. Nc3 O-O 6. a3 b6 7. Bd3 Bb7 8. cxd5
exd5 9. b4 Nbd7 10. O-O Re8 11. Bb2 Ne4 12. Qc2 Ndf6 13. b5 Bd6 14. Ne2 Nd7 15.
a4 Qe7 16. a5 g6 17. a6 Bc8 18. Nf4 Ndf6 19. Ne5 Ng5 20. Qc6 Be6 21. Nxe6 fxe6
22. f3 Nf7 23. Rac1 Rab8 24. Rc2 Kg7 25. Re2 Rf8 26. g3 Nh6 27. Kg2 Nf7 28. h3
Nd8 29. Qc2 Nd7 30. f4 Rc8 31. e4 Bxe5 32. fxe5 Rxf1 33. Kxf1 Qg5 34. Kg2 dxe4
35. Bxe4 Nf7 36. Bb7 Rd8 37. Qxc7 Ndxe5 38. d5 Qh5 39. g4 1-0

[Event "26. ekipno prvenstvo hrvatske u sahu - I"]
[Site "Bjelovar, Krapina, Djurdjevac,"]
[Date "2017.04.02"]
[Round "3.43"]
[White "Raljic, Mirko"]
[Black "Havas, Ladislav"]
[Result "1/2-1/2"]
[WhiteElo "2101"]
[BlackElo "2258"]
[PlyCount "114"]
[EventDate "2016.03.26"]

1. e4 Nf6 2. e5 Nd5 3. d4 d6 4. c4 Nb6 5. exd6 cxd6 6. Nc3 g6 7. Be3 Bg7 8. h3
Nc6 9. Nf3 O-O 10. Be2 Bf5 11. O-O d5 12. g4 Bc8 13. c5 Nc4 14. Bxc4 dxc4 15.
d5 Nb4 16. Bd4 f6 17. Qa4 a5 18. a3 Bd7 19. c6 bxc6 20. axb4 c5 21. b5 cxd4 22.
Nxd4 f5 23. Nc6 Bxc6 24. dxc6 Qd3 25. Rfd1 Qxh3 26. Qxc4+ Kh8 27. Rd3 Qh4 28.
Qf4 fxg4 29. Qg3 Qf6 30. Ra4 h5 31. Re4 e5 32. Re2 Qe6 33. Rd7 Rf3 34. Qg2 Raf8
35. Rd4 Qb3 36. Rde4 Rxc3 37. bxc3 Qxb5 38. c7 Qc5 39. Qh2 Qxc7 40. Rxg4 Qd6
41. Rge4 a4 42. Kg2 Ra8 43. Qg1 a3 44. Qa1 Qc6 45. f3 Ra4 46. Rxa4 Qxa4 47. Qa2
Qa5 48. Qb3 e4 49. fxe4 Qxc3 50. Qxc3 Bxc3 51. Rc2 Bb2 52. Rc8+ Kg7 53. Ra8 Kf6
54. Ra5 g5 55. Rf5+ Kg6 56. Ra5 Kf6 57. Rf5+ Kg6 1/2-1/2

[Event "26. ekipno prvenstvo hrvatske u sahu - I"]
[Site "Bjelovar, Krapina, Djurdjevac,"]
[Date "2017.04.02"]
[Round "3.45"]
[White "Lovrekovic, Kristijan"]
[Black "Margeta, Zeljko"]
[Result "1-0"]
[WhiteElo "2050"]
[BlackElo "2062"]
[PlyCount "55"]
[EventDate "2016.03.26"]

1. e4 c5 2. Nf3 Nc6 3. d4 cxd4 4. Nxd4 Qb6 5. Nb3 Nf6 6. Nc3 d6 7. Be3 Qc7 8.
h3 a6 9. Qd2 Ne5 10. O-O-O Be6 11. Nd4 Bc4 12. b3 Bxf1 13. Rhxf1 Rc8 14. Nd5
Nxd5 15. exd5 g6 16. f4 Nd7 17. Kb1 Bg7 18. c4 Nf6 19. f5 Ne4 20. Qc2 Nc5 21.
fxg6 hxg6 22. Ne6 Nxe6 23. dxe6 f5 24. g4 b5 25. gxf5 bxc4 26. f6 exf6 27.
Qxg6+ Kd8 28. Bb6 1-0

[Event "26. ekipno prvenstvo hrvatske u sahu - I"]
[Site "Bjelovar, Krapina, Djurdjevac,"]
[Date "2017.04.02"]
[Round "3.46"]
[White "Fadljevic, Ivan"]
[Black "Hrupacki, Milan"]
[Result "1-0"]
[WhiteElo "1990"]
[BlackElo "2038"]
[PlyCount "91"]
[EventDate "2016.03.26"]

1. b3 d6 2. Bb2 Nf6 3. d4 Bf5 4. c4 e6 5. Nc3 Be7 6. Nf3 h6 7. Nd2 d5 8. c5 Nc6
9. e3 Nb4 10. Rc1 Nd3+ 11. Bxd3 Bxd3 12. f3 b6 13. b4 bxc5 14. dxc5 Nh5 15. Kf2
O-O 16. Nb3 Bg6 17. Nd4 Bf6 18. g4 Bh4+ 19. Ke2 Qg5 20. Rg1 Qe5 21. Kd2 Qxh2+
22. Qe2 Qxe2+ 23. Ncxe2 Nf6 24. Rg2 Rfe8 25. Nc6 Nd7 26. Rh2 Bg5 27. Nf4 Bh7
28. Nh5 e5 29. f4 exf4 30. exf4 Bf6 31. Nxf6+ Nxf6 32. Bxf6 gxf6 33. f5 Re4 34.
Rch1 Rxg4 35. Rxh6 Rg7 36. Kc3 Re8 37. Kd4 Re2 38. Kxd5 Rd2+ 39. Kc4 Rxa2 40.
Ne7+ Kf8 41. Re1 Rb2 42. Kb5 a6+ 43. Kc6 Rxb4 44. Nd5 Rb8 45. Nxf6 Rc8 46.
Nxh7+ 1-0

[Event "26. ekipno prvenstvo hrvatske u sahu - I"]
[Site "Bjelovar, Krapina, Djurdjevac,"]
[Date "2017.04.02"]
[Round "3.51"]
[White "Skuhala, Jernej"]
[Black "Makaj, Marko"]
[Result "1-0"]
[WhiteElo "2331"]
[BlackElo "2332"]
[PlyCount "107"]
[EventDate "2016.03.26"]

1. e4 c5 2. Nf3 g6 3. d4 cxd4 4. Nxd4 Bg7 5. Be3 Nc6 6. Nc3 Nf6 7. Bc4 O-O 8.
Bb3 a5 9. a4 Ng4 10. Nxc6 Nxe3 11. Nxd8 Nxd1 12. Nxd1 Rxd8 13. c3 Bh6 14. Ne3
Bxe3 15. fxe3 d6 16. O-O-O Bg4 17. Rd4 Be6 18. Bd5 Bxd5 19. Rxd5 f6 20. Rb5 Ra7
21. Rd1 Rb8 22. Rdd5 b6 23. Kc2 Rc7 24. Rb3 Rc4 25. Rxa5 Rxe4 26. Kd3 f5 27.
Ra6 Kf7 28. a5 Ra4 29. Ra7 b5 30. Ra3 Ke6 31. Kc2 Rxa3 32. bxa3 Kd5 33. Kb3 e5
34. Rxh7 g5 35. h4 gxh4 36. Rxh4 Kc5 37. Rh7 Kc6 38. Rg7 Rh8 39. a6 Rh4 40. a7
Ra4 41. c4 Ra6 42. cxb5+ Kxb5 43. a4+ Kc5 44. Re7 Rb6+ 45. Ka3 Ra6 46. Rc7+ Kb6
47. Rf7 Kc5 48. Re7 e4 49. Rc7+ Kb6 50. Rf7 Kc5 51. Rxf5+ Kc4 52. Rf7 Kd3 53.
g4 Kxe3 54. g5 1-0

[Event "26. ekipno prvenstvo hrvatske u sahu - I"]
[Site "Bjelovar, Krapina, Djurdjevac,"]
[Date "2017.04.02"]
[Round "3.52"]
[White "Pavic, Filip"]
[Black "Novak, Ivan"]
[Result "1/2-1/2"]
[WhiteElo "2273"]
[BlackElo "2223"]
[PlyCount "51"]
[EventDate "2016.03.26"]

1. e4 e5 2. Nf3 Nc6 3. Bb5 Nf6 4. d3 Bc5 5. Bxc6 dxc6 6. Nbd2 Qe7 7. Nc4 Ng4 8.
O-O b5 9. Na5 Bd7 10. Nb3 Bb6 11. a4 a6 12. Qe2 O-O 13. h3 Nf6 14. Be3 Be6 15.
Nbd2 Nd7 16. Ng5 Bxe3 17. Qxe3 Nc5 18. axb5 axb5 19. b4 Na4 20. Nxe6 Qxe6 21.
Nb3 Qd6 22. Qd2 c5 23. bxc5 Nxc5 24. Qb4 Nxb3 25. Qxd6 cxd6 26. cxb3 1/2-1/2

[Event "26. ekipno prvenstvo hrvatske u sahu - I"]
[Site "Bjelovar, Krapina, Djurdjevac,"]
[Date "2017.04.02"]
[Round "3.53"]
[White "Makovec, Bruno"]
[Black "Jukic, Zeljko"]
[Result "0-1"]
[WhiteElo "2248"]
[BlackElo "2257"]
[PlyCount "94"]
[EventDate "2016.03.26"]

1. d4 e6 2. c4 d5 3. g3 Nf6 4. Bg2 dxc4 5. Nf3 a6 6. O-O b5 7. Ne5 Nd5 8. Nc3
Bb7 9. e4 Nxc3 10. bxc3 Be7 11. Rb1 Qc8 12. a4 c6 13. Qg4 O-O 14. Bh6 g6 15.
Bxf8 Bxf8 16. Qf4 f5 17. exf5 exf5 18. Rfe1 Nd7 19. Nxd7 Qxd7 20. Qe5 Kf7 21.
axb5 axb5 22. Ra1 Bd6 23. Qe3 Rd8 24. h4 Bc8 25. Qh6 Kg8 26. h5 Bf8 27. Qg5 Qd6
28. hxg6 hxg6 29. Ra7 Rd7 30. Rxd7 Bxd7 31. Qd8 Kf7 32. Ra1 Be7 33. Qb6 f4 34.
gxf4 Qxf4 35. Qb7 Qg4 36. Qc7 b4 37. cxb4 Qxd4 38. Qa7 Qxa7 39. Rxa7 c3 40. Be4
Bf5 41. Bxf5 gxf5 42. Ra3 c5 43. bxc5 c2 44. Ra1 Bg5 45. c6 Ke6 46. c7 Kd7 47.
c8=Q+ Kxc8 0-1

[Event "26. ekipno prvenstvo hrvatske u sahu - I"]
[Site "Bjelovar, Krapina, Djurdjevac,"]
[Date "2017.04.02"]
[Round "3.54"]
[White "Nemec, Vjekoslav"]
[Black "Havas, Juraj"]
[Result "1-0"]
[WhiteElo "2176"]
[BlackElo "2078"]
[PlyCount "101"]
[EventDate "2016.03.26"]

1. e4 c5 2. Nf3 Nc6 3. Bb5 d6 4. O-O e5 5. c3 Bg4 6. d4 cxd4 7. cxd4 Bxf3 8.
Qxf3 a6 9. Bxc6+ bxc6 10. dxe5 dxe5 11. Rd1 Qc7 12. Qg3 Nf6 13. Nc3 g6 14. Bg5
Bg7 15. Rac1 Qe7 16. Qd3 h6 17. Qc4 O-O 18. Be3 Qb7 19. f3 Rfd8 20. Rxd8+ Rxd8
21. Na4 Qb5 22. Qxb5 cxb5 23. Nc5 Rd6 24. Kf2 Nh5 25. g3 f5 26. Ke2 f4 27. Bf2
fxg3 28. hxg3 Rc6 29. Nd3 Rxc1 30. Nxc1 Nf6 31. Nd3 Nd7 32. Nb4 a5 33. Nc6 a4
34. Na7 b4 35. Kd3 Bf8 36. Kc4 Kf7 37. Nc6 b3 38. axb3 axb3 39. Kxb3 h5 40. Kc4
Ke6 41. b4 Bd6 42. b5 Bc7 43. Nb4 g5 44. Nd5 Bb8 45. b6 Kd6 46. Kb5 g4 47. fxg4
hxg4 48. Be1 Ke6 49. Kc6 Bd6 50. Bb4 Bb8 51. Nc7+ 1-0

[Event "26. ekipno prvenstvo hrvatske u sahu - I"]
[Site "Bjelovar, Krapina, Djurdjevac,"]
[Date "2017.04.02"]
[Round "3.55"]
[White "Toplak, Juraj"]
[Black "Pavic, Jakov"]
[Result "1/2-1/2"]
[WhiteElo "2004"]
[BlackElo "2119"]
[PlyCount "76"]
[EventDate "2016.03.26"]

1. e4 e6 2. d4 d5 3. exd5 exd5 4. Nf3 Nf6 5. c4 Bb4+ 6. Bd2 Nc6 7. Bxb4 Nxb4 8.
Qa4+ Nc6 9. Be2 dxc4 10. O-O O-O 11. Rd1 Nd5 12. Qxc4 Re8 13. Nc3 Be6 14. Qd3
Nf4 15. Qd2 Nxe2+ 16. Nxe2 Bg4 17. Ng3 Bxf3 18. gxf3 Qf6 19. Qc3 Rad8 20. Ne4
Qf4 21. Qe3 Qxe3 22. fxe3 f5 23. d5 Nb4 24. Nc5 Rxe3 25. Kf2 Rde8 26. Ne4 fxe4
27. Kxe3 Nc2+ 28. Ke2 Nxa1 29. Rxa1 exf3+ 30. Kxf3 Kf7 31. Rc1 Re7 32. Rc3 a5
33. Rc5 b6 34. Rc6 Rd7 35. Ke4 g6 36. b3 Ke7 37. Ke5 Kf7 38. Rf6+ Ke7 1/2-1/2

[Event "26. ekipno prvenstvo hrvatske u sahu - I"]
[Site "Bjelovar, Krapina, Djurdjevac,"]
[Date "2017.04.02"]
[Round "4.56"]
[White "Martic, Josip"]
[Black "Maslac, Zvonimir"]
[Result "1-0"]
[WhiteElo "2020"]
[BlackElo "2053"]
[PlyCount "97"]
[EventDate "2016.03.26"]

1. d4 d5 2. c4 c6 3. Nf3 Nf6 4. Nc3 dxc4 5. a4 Bf5 6. e3 e6 7. Bxc4 Bb4 8. O-O
O-O 9. Qe2 Bg6 10. Ne5 Nbd7 11. Nxg6 hxg6 12. Rd1 Qe7 13. e4 e5 14. d5 Bc5 15.
Bg5 Bd4 16. a5 a6 17. dxc6 bxc6 18. Bxa6 Rfb8 19. Bd3 Qb4 20. Bd2 Qd6 21. Ra2
Nc5 22. Bc2 Qe6 23. Rda1 Na6 24. Bd3 Nb4 25. Bc4 Qd7 26. Ra4 Nc2 27. Rf1 Ba7
28. b3 Nd4 29. Qd1 Ng4 30. Bg5 Nf6 31. h3 Qc7 32. Be3 Nb5 33. Bxa7 Rxa7 34. Qc2
Nxc3 35. Qxc3 Nxe4 36. Qe3 Nf6 37. a6 Nd5 38. Bxd5 cxd5 39. Rc1 Qb6 40. Rb4
Qxb4 41. Qxa7 Qxb3 42. Rc7 d4 43. Rxf7 Qxf7 44. Qxb8+ Kh7 45. a7 Qf4 46. Qb1 d3
47. a8=Q d2 48. Qf3 Qd4 49. Qbd1 1-0

[Event "26. ekipno prvenstvo hrvatske u sahu - I"]
[Site "Bjelovar, Krapina, Djurdjevac,"]
[Date "2017.04.02"]
[Round "4.61"]
[White "Slogar, Dubravko"]
[Black "Boric, Muhamed"]
[Result "1/2-1/2"]
[WhiteElo "2275"]
[BlackElo "2373"]
[PlyCount "24"]
[EventDate "2016.03.26"]

1. Nf3 Nf6 2. d4 g6 3. Bg5 Bg7 4. e3 O-O 5. Be2 c5 6. c3 d6 7. Nbd2 Nc6 8. O-O
Bf5 9. Re1 cxd4 10. exd4 a6 11. a4 Qc7 12. Nc4 Nd5 1/2-1/2

[Event "26. ekipno prvenstvo hrvatske u sahu - I"]
[Site "Bjelovar, Krapina, Djurdjevac,"]
[Date "2017.04.02"]
[Round "4.62"]
[White "Ivekovic, Bozidar"]
[Black "Mulugeta, Danijel"]
[Result "0-1"]
[WhiteElo "2357"]
[BlackElo "2287"]
[PlyCount "146"]
[EventDate "2016.03.26"]

1. d4 Nf6 2. c4 g6 3. Nf3 Bg7 4. g3 O-O 5. Bg2 d5 6. cxd5 Nxd5 7. O-O c5 8.
dxc5 Na6 9. c6 bxc6 10. Nd4 Bb7 11. Nb3 Qc7 12. N1d2 Rfd8 13. a3 c5 14. Qc2 Nb6
15. Bxb7 Qxb7 16. Na5 Qd7 17. Ndc4 Rac8 18. Bg5 Nc7 19. Rad1 Ncd5 20. Bc1 Qh3
21. Qe4 Nf6 22. Qg2 Qe6 23. Ne3 Ne4 24. Nb7 Rxd1 25. Rxd1 f5 26. Qf1 Bd4 27. b4
Qe5 28. Nxc5 Nxc5 29. bxc5 Rxc5 30. Qe1 Kf8 31. Qb4 Rxc1 32. Rxc1 Bxe3 33. Rc2
Qd4 34. Qxd4 Bxd4 35. e3 Be5 36. a4 Nxa4 37. Ra2 Nc5 38. Rxa7 Kf7 39. h4 Ne4
40. Kg2 Bc3 41. f3 Nf6 42. Kf2 Nd5 43. Ra4 Nf6 44. g4 h5 45. gxf5 gxf5 46. Ra3
Bb4 47. Ra4 Bd6 48. Ra5 Kg6 49. Kg2 Nh7 50. e4 fxe4 51. fxe4 Bf4 52. Kf3 Bd2
53. Ra6+ Kg7 54. Ra2 Be1 55. Ra1 Bc3 56. Ra3 Bf6 57. Ra5 Kh6 58. Kg3 Nf8 59. e5
Bg7 60. Kf4 Ng6+ 61. Kf5 Nxh4+ 62. Ke6 Ng6 63. Kf5 Bxe5 64. Ra2 Bd6 65. Ra4 Nf4
66. Re4 Nd5 67. Re6+ Nf6 68. Re1 h4 69. Rg1 Bg3 70. Ke6 Kg5 71. Kxe7 Ne4 72.
Rh1 Nf2 73. Rxh4 Bxh4 0-1

[Event "26. ekipno prvenstvo hrvatske u sahu - I"]
[Site "Bjelovar, Krapina, Djurdjevac,"]
[Date "2017.04.02"]
[Round "4.63"]
[White "Skrbin, Kresimir"]
[Black "Sokac, Marko"]
[Result "0-1"]
[WhiteElo "2212"]
[BlackElo "2278"]
[PlyCount "56"]
[EventDate "2016.03.26"]

1. d4 Nf6 2. Bf4 e6 3. e3 b6 4. Nf3 Bb7 5. Bd3 h6 6. h3 Be7 7. Nbd2 d6 8. c3
Nbd7 9. Qe2 c5 10. a4 a6 11. O-O g5 12. Bg3 g4 13. hxg4 Nxg4 14. e4 h5 15. e5
dxe5 16. Nxe5 Ndxe5 17. Bxe5 Bd6 18. f3 Bxe5 19. fxg4 Bh2+ 20. Kxh2 Qh4+ 21.
Kg1 hxg4 22. Ne4 g3 23. Nxg3 Qxg3 24. Be4 Qh2+ 25. Kf2 Qh4+ 26. Kf3 Rg8 27.
Bxb7 Rg3+ 28. Kf2 Rh3+ 0-1

[Event "26. ekipno prvenstvo hrvatske u sahu - I"]
[Site "Bjelovar, Krapina, Djurdjevac,"]
[Date "2017.04.02"]
[Round "4.64"]
[White "Turcin, Lovro"]
[Black "Novosel, Tomislav"]
[Result "1/2-1/2"]
[WhiteElo "2159"]
[BlackElo "2203"]
[PlyCount "138"]
[EventDate "2016.03.26"]

1. e4 c5 2. Ne2 d6 3. Nbc3 Nf6 4. g3 h5 5. h3 e5 6. d3 Nc6 7. Bg2 Be7 8. O-O
Nd4 9. f4 Bd7 10. Be3 Qc8 11. f5 Bc6 12. Nb1 d5 13. Nd2 Qc7 14. c3 Nxe2+ 15.
Qxe2 dxe4 16. dxe4 Rd8 17. c4 b6 18. Rad1 Qb7 19. Bf2 h4 20. g4 Nh7 21. Nb1 O-O
22. Nc3 Bg5 23. Nd5 Rfe8 24. Rd3 Bxd5 25. cxd5 Qe7 26. Rfd1 Qf6 27. Qe1 Nf8 28.
Ra3 Re7 29. Bf1 Rc7 30. Bb5 Rd6 31. Rc3 Qd8 32. a3 Nh7 33. Bd3 Nf8 34. b3 Nd7
35. Rb1 g6 36. Rb2 Nf6 37. Bxh4 Nxe4 38. Bxe4 Bxh4 39. Qe2 Qg5 40. Rf3 Rf6 41.
Rb1 Rd7 42. Rbf1 Rdd6 43. Kg2 Kg7 44. Qd3 Qh6 45. Qc3 gxf5 46. gxf5 Kf8 47.
Qxe5 Rd8 48. Qc3 Re8 49. Rf4 Qh8 50. Rg4 Rh6 51. Qf3 Qb2+ 52. Kh1 Qe5 53. Rfg1
Rh8 54. Rd1 Bf6 55. d6 Rd8 56. Rd5 Qc3 57. Rd3 Qa1+ 58. Rg1 Qb2 59. Rg2 Qa1+
60. Rg1 Qb2 61. Rg2 Qc1+ 62. Rg1 Qh6 63. d7 Bd4 64. Re1 Rxd7 65. Bc6 Rd8 66.
Qe4 Qh4 67. Qxh4 Rxh4 68. Kg2 Rh6 69. Bf3 Rh8 1/2-1/2

[Event "26. ekipno prvenstvo hrvatske u sahu - I"]
[Site "Bjelovar, Krapina, Djurdjevac,"]
[Date "2017.04.02"]
[Round "4.65"]
[White "Stojkovic, Josip"]
[Black "Cenkovcan, Andrija"]
[Result "0-1"]
[WhiteElo "2091"]
[BlackElo "2030"]
[PlyCount "82"]
[EventDate "2016.03.26"]

1. e4 e6 2. d4 d5 3. Nd2 Nc6 4. Ngf3 Nf6 5. e5 Nd7 6. c3 f6 7. exf6 Qxf6 8. Bb5
Bd6 9. Nf1 O-O 10. Ng3 e5 11. Qb3 Nb6 12. Bxc6 bxc6 13. O-O Nc4 14. dxe5 Nxe5
15. Nxe5 Qxe5 16. Be3 h5 17. Qa4 Rb8 18. Qh4 Bg4 19. Bd4 Qe8 20. Rae1 Qd8 21.
Qxd8 Rfxd8 22. h3 Bc8 23. f4 Rxb2 24. Nxh5 Kf7 25. f5 Ba6 26. Rb1 Rdb8 27. Rxb2
Rxb2 28. Ra1 g6 29. fxg6+ Kxg6 30. g4 Bh2+ 31. Kh1 Bd3 32. Re1 Be4+ 33. Rxe4
dxe4 34. h4 Rxa2 35. Be3 Be5 36. Nf4+ Bxf4 37. Bxf4 Rf2 38. h5+ Kh7 39. Be5 e3
40. Kg1 Rf3 41. g5 e2 0-1

[Event "26. ekipno prvenstvo hrvatske u sahu - I"]
[Site "Bjelovar, Krapina, Djurdjevac,"]
[Date "2017.04.02"]
[Round "4.66"]
[White "Buhin, Denis"]
[Black "Dotlic, Zdravko"]
[Result "1-0"]
[WhiteElo "2007"]
[BlackElo "2012"]
[PlyCount "86"]
[EventDate "2016.03.26"]

1. Nf3 Nf6 2. c4 d6 3. d4 g6 4. Nc3 Bg7 5. g3 O-O 6. Bg2 Nc6 7. O-O a6 8. e4
Bg4 9. h3 Bxf3 10. Bxf3 e5 11. d5 Nd4 12. Bg2 c5 13. dxc6 bxc6 14. b4 Qc7 15.
Be3 Rab8 16. Rb1 c5 17. b5 axb5 18. cxb5 Qa5 19. Qd2 Ra8 20. Rb2 Rfb8 21. Rfb1
Ra7 22. Kh1 Nd7 23. Bf1 Nb6 24. Qc1 Na4 25. Nxa4 Qxa4 26. Bc4 Rb6 27. Bg5 Ra8
28. Bd5 Rab8 29. Qc4 Qa3 30. Be3 Rf8 31. Rd2 Qa5 32. a4 Kh8 33. Rdb2 Qa7 34. a5
Rbb8 35. b6 Qe7 36. a6 Qf6 37. b7 Qf3+ 38. Kg1 Qh5 39. Bxd4 exd4 40. Qd3 f5 41.
a7 fxe4 42. Bxe4 Rbe8 43. b8=Q c4 1-0

[Event "26. ekipno prvenstvo hrvatske u sahu - I"]
[Site "Bjelovar, Krapina, Djurdjevac,"]
[Date "2017.04.02"]
[Round "3.62"]
[White "Dugandzic, Boris"]
[Black "Cop, Tomislav"]
[Result "0-1"]
[WhiteElo "2258"]
[BlackElo "2281"]
[PlyCount "102"]
[EventDate "2016.03.26"]

1. d4 Nf6 2. c4 g6 3. Nc3 Bg7 4. e4 d6 5. Nf3 O-O 6. h3 e5 7. d5 a5 8. Bd3 Na6
9. a3 Nc5 10. Bc2 Nh5 11. Rb1 Nf4 12. b4 Na6 13. O-O c6 14. Re1 axb4 15. axb4
c5 16. bxc5 Nxc5 17. Be3 b6 18. Kh2 g5 19. Ng1 g4 20. g3 gxh3 21. gxf4 exf4 22.
Bd2 Qg5 23. Qf3 Bg4 24. Qh1 Ra3 25. Nge2 Qh4 26. Qg1 Kh8 27. Bxf4 Bxc3 28. Nxc3
Rxc3 29. Bg3 Qh5 30. Bd1 Bxd1 31. Rbxd1 Rg8 32. Qf1 Qf3 33. Qxh3 Rxg3 34. fxg3
Rc2+ 35. Kg1 Nxe4 36. Rxe4 Qxe4 37. Rf1 Kg7 38. g4 Rxc4 39. g5 Qd4+ 40. Kh2
Rc2+ 41. Kh1 Qxd5+ 42. Kg1 Qxg5+ 43. Kh1 Qd5+ 44. Kg1 Qd4+ 45. Kh1 Qe4+ 46. Kg1
Rc5 47. Rf3 Qe1+ 48. Rf1 Rg5+ 49. Kh1 Qe4+ 50. Rf3 Rg6 51. Qf1 Rg3 0-1

[Event "26. ekipno prvenstvo hrvatske u sahu - I"]
[Site "Bjelovar, Krapina, Djurdjevac,"]
[Date "2017.04.02"]
[Round "3.63"]
[White "Machata, Martin"]
[Black "Starcevic, Kresimir"]
[Result "1-0"]
[WhiteElo "2266"]
[BlackElo "2145"]
[PlyCount "77"]
[EventDate "2016.03.26"]

1. d4 Nf6 2. Nf3 c5 3. d5 b5 4. Bg5 Ne4 5. Bf4 Bb7 6. e3 Qa5+ 7. c3 e6 8. dxe6
dxe6 9. a4 a6 10. Na3 c4 11. axb5 axb5 12. Nc2 Qb6 13. Rxa8 Bxa8 14. Qd4 Nc5
15. Bxb8 Qxb8 16. Be2 f6 17. O-O e5 18. Qg4 Be4 19. Nb4 h5 20. Qg3 g5 21. Nxg5
h4 22. Qg4 fxg5 23. Qxg5 Be7 24. Qg7 Rh7 25. Qg8+ Bf8 26. f3 Rg7 27. Qh8 Bh7
28. f4 Qb7 29. Bh5+ Ke7 30. Bf3 e4 31. Bh5 Nd3 32. f5 Bxf5 33. Rxf5 Qa8 34.
Nd5+ Kd6 35. Rxf8 Qa1+ 36. Rf1 Rxg2+ 37. Kxg2 h3+ 38. Kg1 Qxb2 39. Qh6+ 1-0

[Event "26. ekipno prvenstvo hrvatske u sahu - I"]
[Site "Bjelovar, Krapina, Djurdjevac,"]
[Date "2017.04.02"]
[Round "3.64"]
[White "Cvitkovic, Filip"]
[Black "Mihalincic, Tomislav"]
[Result "1-0"]
[WhiteElo "2081"]
[BlackElo "2246"]
[PlyCount "81"]
[EventDate "2016.03.26"]

1. d4 Nf6 2. c4 g6 3. Nc3 Bg7 4. e4 d6 5. h3 O-O 6. Nf3 c5 7. d5 e6 8. Bd3 exd5
9. cxd5 a6 10. a4 b6 11. O-O Nbd7 12. Bf4 Qc7 13. Re1 Ne5 14. Bf1 Nxf3+ 15.
Qxf3 Nd7 16. g4 Ne5 17. Qg3 f5 18. exf5 gxf5 19. g5 Bb7 20. Rad1 Rad8 21. Bg2
c4 22. Bxe5 Bxe5 23. Rxe5 f4 24. Qh4 dxe5 25. Be4 Qg7 26. Kh2 Kh8 27. Rg1 b5
28. axb5 axb5 29. g6 h6 30. Rg5 Rd7 31. Rh5 Qf6 32. Rxh6+ Kg8 33. g7 Qxg7 34.
Rg6 b4 35. Rxg7+ Rxg7 36. Nb5 f3 37. Nd6 Rf4 38. Qd8+ Rf8 39. Qb6 Ba8 40. Nf5
Rg5 41. Qe6+ 1-0